00323nam a2200133Ia 4500008004100000041000800041082002100049100001600070245002300086260002100109365001600130700001400146710002900160230312s9999 xx 000 0 und d aeng a621.8b621.8 KHU aKhurmi R.S. aTheory Of Machines bEurasia Pub.Hou. cRs.b675.00 aGuptaJ.K. aKhurmi R.S. & Gupta J.K.